Music Quiz

Random Music or Song Quiz

Lady Gaga Collaborations Quiz Stats

 Plays Quiz not verified by Sporcle

Challenge
Share
Tweet
Embed
Score 0/16 Timer 10:00
0 Plays Today
Song Collaborator(s) % Correct
TelephoneBeyoncé
90%
Video Phone (Extended Remix)Beyoncé
90%
Do What U WantR. Kelly
70%
Jewels n' DrugsT.I., Too Short & Twista
60%
Just DanceColby O'Donis
58%
StarstruckSpace Cowboy & Flo Rida
58%
Hey GirlFlorence Welch
52%
Chillin'*Wale
52%
Song Collaborator(s) % Correct
3-Way (The Golden Rule)*The Lonely Island & Justin Timberlake
48%
Christmas TreeSpace Cowboy
48%
Poker Face/ Speechless/ Your SongElton John
46%
Winter WonderlandTony Bennett
44%
Big Girl NowNew Kids On The Block
36%
LoveGame (Chew Fu Ghettohouse Fix)Marilyn Manson
30%
Just Dance (RedOne Remix)Kardinal Offishall
14%
Just Dance (Deewaan Remix)Ashking, Wedis, Lush & Young Thoro
12%

You're not logged in!

Compare scores with friends on all Sporcle quizzes.
Join for Free
OR
Log In

You Might Also Like...

Show Comments

Extras

Top Quizzes Today


Score Distribution

Your Account Isn't Verified!

In order to create a playlist on Sporcle, you need to verify the email address you used during registration. Go to your Sporcle Settings to finish the process.

Report this User

Report this user for behavior that violates our Community Guidelines.

Details: